Philosophical essay on probability (Record no. 77809)

MARC details
000 -LEADER
fixed length control field 00387nam a2200145Ia 4500
005 - DATE AND TIME OF LATEST TRANSACTION
control field 20240821154719.0
008 - FIXED-LENGTH DATA ELEMENTS--GENERAL INFORMATION
fixed length control field 240821s9999||||xx |||||||||||||| ||und||
082 ## - DEWEY DECIMAL CLASSIFICATION NUMBER
Classification number 519.1 LAP
100 ## - MAIN ENTRY--PERSONAL NAME
Personal name Laplace, Pierresimon Marques de
245 #0 - TITLE STATEMENT
Title Philosophical essay on probability
260 ## - PUBLICATION, DISTRIBUTION, ETC.
Place of publication, distribution, etc. New York
Name of publisher, distributor, etc. Dover Publications
Date of publication, distribution, etc. 1951
300 ## - PHYSICAL DESCRIPTION
Extent viii,185p.
650 ## - SUBJECT ADDED ENTRY--TOPICAL TERM
Topical term or geographic name entry element Mathematics
942 ## - ADDED ENTRY ELEMENTS (KOHA)
Koha item type Book
Holdings
Withdrawn status Lost status Damaged status Not for loan Home library Current library Date acquired Total checkouts Barcode Date last seen Price effective from Koha item type
        Library and Documentation Division NCERT Library and Documentation Division NCERT 08/21/2024   61225 08/21/2024 08/21/2024 Book